logo

Bir Sreshtho Munshi Abdur Rouf Library
Jhenaidah Cadet College

Poisonous plants and animals / (Record no. 10113)

MARC details
000 -LEADER
fixed length control field 01022cam a2200325 i 4500
001 - CONTROL NUMBER
JCCL Control Number 10113
003 - CONTROL NUMBER IDENTIFIER
JCCL marc code BD-JhCC
005 - DATE AND TIME OF LATEST TRANSACTION
control field 20180418101638.0
008 - FIXED-LENGTH DATA ELEMENTS--GENERAL INFORMATION
fixed length control field 180417s1980 enka 001 0 eng
020 ## - INTERNATIONAL STANDARD BOOK NUMBER
International Standard Book Number 070112525X :
Terms of availability £4.95
020 ## - INTERNATIONAL STANDARD BOOK NUMBER
International Standard Book Number 0701125268 (pbk.)
035 ## - SYSTEM CONTROL NUMBER
system control number (BD-JhCC)10113
040 ## - CATALOGING SOURCE
Original cataloging agency DLC
Transcribing agency DLC
Modifying agency DLC
-- BD-JhCC
041 1# - LANGUAGE CODE
Language code of Book engger
050 00 - LIBRARY OF CONGRESS CALL NUMBER
Classification number QK100.E97
Item number A4713
082 00 - DEWEY DECIMAL CLASSIFICATION NUMBER
Classification number 574.6/5/094
DDC Edition number 19
Author mark and Year ALT 1980
100 1# - MAIN ENTRY--PERSONAL NAME
Personal name Altmann, Horst.
240 10 - UNIFORM TITLE
Uniform title Giftpflanzen, Gifttiere.
245 10 - TITLE STATEMENT
Title Poisonous plants and animals /
Statement of responsibility, etc Horst Altmann ; translated and edited by Gwynne Vevers.
260 ## - PUBLICATION, DISTRIBUTION, ETC. (IMPRINT)
Place of publication, distribution, etc London :
Name of publisher, distributor, etc Chatto & Windus,
Date of publication, distribution, etc c1980.
300 ## - PHYSICAL DESCRIPTION
Pagination 143 p. :
Other physical details ill. (some col.) ;
Dimensions 19 cm.
490 0# - SERIES STATEMENT
Series statement Chatto nature guides
500 ## - GENERAL NOTE
General note Translation of Giftpflanzen, Gifttiere.
500 ## - GENERAL NOTE
General note Includes index.
650 #0 - SUBJECT ADDED ENTRY--TOPICAL TERM
Topical term or geographic name as entry element Poisonous plants
Geographic subdivision Europe
General subdivision Identification.
650 #0 - SUBJECT ADDED ENTRY--TOPICAL TERM
Topical term or geographic name as entry element Poisonous animals
Geographic subdivision Europe
General subdivision Identification.
700 1# - ADDED ENTRY--PERSONAL NAME
Personal name Vevers, Gwynne,
Dates associated with a name 1916-
942 ## - ADDED ENTRY ELEMENTS (KOHA)
Source of classification or shelving scheme Dewey Decimal Classification
Koha item type Books
Holdings
Source of classification or shelving scheme Damaged status Not for loan Home library Current library Shelving location Date of accession Total Checkouts Full call number Barcode Date last seen Copy number Koha item type
Dewey Decimal Classification     JCC Rouf Library JCC Rouf Library General Stacks 04/17/2018   574.6/5/094 ALT 1980 13003 04/18/2018 C-1 Books

JCC Library | Contacts | JCC Home

Last Update on 23 September 2017
Copyright @ 2017-2020 JCC Rouf Library
Rouf Library, Jhenidah Cadet College (JCC), Bangladesh